000 00777nam a22002657a 4500
003 BUBTL
008 130421b xxu||||| |||| 00| 0 eng d
020 _a0-07-282920-6
037 _cAvailable
_fFor issue
082 _222
_a658.15 ROC
100 _aRoss, Stephen A
110 _aRandolph W Westerfield and Jeffrey Jaffe
245 _aCorporate Finance
250 _a7th Edition
260 _aNew Delhi
_bTata Macgrew Hill
_c2005
300 _a25cm
_b942 page
_f10
_g25cm
600 _aCorporate Finance
700 _aRoss, Stephen A
710 _aWesterfield Randolph W and Jaffe Jeffrey
856 _k0
_l0
_yDownload
270 _aNew Delhi, India
_bNew Delhi
_dIndia
365 _b946.00
942 _2ddc
_cBK
999 _c171
_d171